Regus (UK) Limited V Epcot Solutions Limited (Record no. 78956)

MARC details
000 -LEADER
fixed length control field 01825cab a22002175a 4500
001 - CONTROL NUMBER
control field L138693
008 - FIXED-LENGTH DATA ELEMENTS--GENERAL INFORMATION
fixed length control field 070703e20070504xxk f w 000 0 eng d
035 ## - SYSTEM CONTROL NUMBER
System control number (Sirsi) u138693
041 0# - LANGUAGE CODE
Language code of text/sound track or separate title eng
245 00 - TITLE STATEMENT
Title Regus (UK) Limited V Epcot Solutions Limited
Medium [electronic resource]
260 ## - PUBLICATION, DISTRIBUTION, ETC.
Date of publication, distribution, etc. 2007
520 ## - SUMMARY, ETC.
Summary, etc. [2007] EWHC 938 (Comm), 4 May 2007. Epcot Solutions Ltd (E) had rented serviced office accommodation from Regus (UK) Ltd (R) under their standard terms, one of which claimed to exclude liability "in any circumstances" for loss of business or anticipated savings, damage to data, third party claims or consequential loss - or in respect of any other claims, damage expenses or losses. R failed to make effective efforts to repair a faulty air conditioning system, which E claimed was affecting its business. Due to this failure, E ceased making payments and R made a claim for unpaid fees, to which E responded with a counterclaim for these damages due to the loss of business this caused. "Held": R had contracted to provide services including air conditioning, which it had clearly failed to do. The exclusion clause was not reasonable in that it attempted to exclude any losses caused by its own failure to supply services. However it was noted that while these losses had been significant, they were not crucial to E's business. Judgement accordingly.
590 ## - LOCAL NOTE (RLIN)
Local note KA
650 24 - SUBJECT ADDED ENTRY--TOPICAL TERM
Topical term or geographic name entry element REGUS (UK) LTD V EPCOT SOLUTIONS LTD
650 24 - SUBJECT ADDED ENTRY--TOPICAL TERM
Topical term or geographic name entry element UNFAIR CONTRACT TERMS ACT 1977 S11
650 24 - SUBJECT ADDED ENTRY--TOPICAL TERM
Topical term or geographic name entry element RUXLEY ELECTRONICS AND CONSTRUCTION LTD V FORSYTH
651 #4 - SUBJECT ADDED ENTRY--GEOGRAPHIC NAME
Geographic name England and Wales
Chronological subdivision 1543-
690 ## - LOCAL SUBJECT ADDED ENTRY--TOPICAL TERM (OCLC, RLIN)
Topical term or geographic name as entry element PROPERTY-COMMERCIAL PROPERTY-COMMERCIAL LANDLORD AND TENANT-BUSINESS TENANCIES
856 40 - ELECTRONIC LOCATION AND ACCESS
Uniform Resource Identifier <a href="https://www.bailii.org/ew/cases/EWHC/Comm/2007/938.html">https://www.bailii.org/ew/cases/EWHC/Comm/2007/938.html</a>
Public note View the article free of charge at www.bailii.org...
942 ## - ADDED ENTRY ELEMENTS (KOHA)
Suppress in OPAC 0
Holdings
Withdrawn status Lost status Source of classification or shelving scheme Damaged status Not for loan Home library Current library Shelving location Date acquired Total Checkouts Full call number Barcode Date last seen Copy number Price effective from Koha item type
    Dewey Decimal Classification     Virtual Virtual Online 03/07/2007   ONLINE PUBLICATION 138693-1001 06/08/2019 1 06/08/2019 Law report